Sports Quiz

Random Sports Quiz
Score 0/53 Timer 06:00
0 Plays Today
% Correct
Geno Atkins
100%
Chad Johnson
98.5%
Chad Johnson
98.5%
Chad Johnson
98.5%
Chad Johnson
98.5%
Chad Johnson
98.5%
Chad Ochocinco
98.5%
A.J. Green
98.5%
A.J. Green
98.5%
A.J. Green
98.5%
Andy Dalton
98.4%
A.J. Green
98.3%
Andy Dalton
98.2%
Andy Dalton
98%
A.J. Green
97.7%
A.J. Green
97.4%
A.J. Green
97.1%
Carson Palmer
95.5%
Carson Palmer
95.5%
Rudi Johnson
94.7%
Geno Atkins
94.7%
Geno Atkins
92.8%
Tyler Eifert
92.6%
Geno Atkins
92.2%
Adam Jones
91.8%
Geno Atkins
91.1%
Geno Atkins
90.5%
% Correct
Jermaine Gresham
90%
Andrew Whitworth
89.9%
Jermaine Gresham
89.5%
Andrew Whitworth
89.1%
Corey Dillon
88.5%
Corey Dillon
88.5%
Corey Dillon
88.5%
Geno Atkins
87%
Geno Atkins
87%
Carlos Dunlap
86.3%
Carlos Dunlap
85.9%
Vontaze Burfict
83.7%
Reggie Nelson
81.4%
Andrew Whitworth
79.6%
Kevin Huber
69%
T.J. Houshmandzadeh
63.7%
Shayne Graham
63.4%
Willie Anderson
57.4%
Willie Anderson
57.4%
Willie Anderson
57.4%
Willie Anderson
57.4%
Deltha O'Neal
49.9%
Cedric Peerman
38.5%
Lorenzo Neal
32.1%
Tory James
25.3%
Tremain Mack
12.3%

You're not logged in!

Compare scores with friends on all Sporcle quizzes.
OR
Log In

Sporcle TV

Today on Sporcle TV


Watch our educational content, quiz creation guides, and fun videos on Sporcle TV.

Show Comments

Extras

Created Jan 8, 2013ReportNominate
Tags:1999, bengal, bowl, Bowler, Player, pro, Pro Bowl

Top Quizzes Today


Score Distribution

Paid Content

Your Account Isn't Verified!

In order to create a playlist on Sporcle, you need to verify the email address you used during registration. Go to your Sporcle Settings to finish the process.

Report this User

Report this user for behavior that violates our Community Guidelines.

Details: